Statistics for Most populous countries - 2023 vs 2100

Click here to take the quiz!

General Stats

  • This quiz has been taken 50 times
  • The average score is 88 of 100

Answer Stats

Year#Answer% Correct
21002China
100%
20232China
100%
20231India
100%
21001India
100%
210014Niger
100%
21003Nigeria
100%
20236Nigeria
100%
21006USA
100%
20233USA
100%
210011Brazil
98%
20237Brazil
98%
202314Egypt
98%
210010Egypt
98%
202323France
98%
210043France
98%
202319Germany
98%
210036Germany
98%
202317Iran
98%
210030Iran
98%
202312Japan
98%
210033Japan
98%
202310Mexico
98%
210018Mexico
98%
20239Russia
98%
210020Russia
98%
210035UK
98%
202321UK
98%
202315DR Congo
96%
21005DR Congo
96%
20234Indonesia
96%
21008Indonesia
96%
21004Pakistan
96%
20235Pakistan
96%
202334Algeria
93%
210037Algeria
93%
202338Canada
93%
210045Canada
93%
202329South Korea
93%
202332Spain
93%
202320Thailand
93%
210049Argentina
91%
202333Argentina
91%
20238Bangladesh
91%
210013Bangladesh
91%
202328Colombia
91%
210021Iraq
91%
202335Iraq
91%
202325Italy
91%
202339Morocco
91%
210024Vietnam
91%
202316Vietnam
91%
202347Ghana
89%
210034Ghana
89%
21007Ethiopia
87%
202311Ethiopia
87%
202326Kenya
87%
210019Kenya
87%
202345Peru
87%
210031South Africa
87%
202324South Africa
87%
210015Sudan
87%
202331Sudan
87%
21009Tanzania
87%
202322Tanzania
87%
210029Turkey
87%
202318Turkey
87%
202341Ukraine
87%
202342Angola
85%
210016Angola
85%
202313Philippines
85%
210012Philippines
85%
202337Poland
85%
210048Saudi Arabia
85%
202340Saudi Arabia
85%
210041Senegal
83%
210017Uganda
83%
202330Uganda
83%
202336Afghanistan
80%
210039Chad
80%
210038Somalia
80%
202346Malaysia
78%
210027Mali
78%
210026Cameroon
76%
202350Madagascar
76%
210028Madagascar
76%
210046Myanmar
76%
202327Myanmar
76%
210025Ivory Coast
74%
210040Zambia
74%
210023Mozambique
72%
202348Mozambique
72%
210042Burkina Faso
65%
210044Malawi
65%
202343Uzbekistan
65%
210047Uzbekistan
65%
210022Afghanistan
61%
202344Yemen
61%
210032Yemen
61%
210050Benin
54%
202349Nepal
52%

Score Distribution

Percentile by Number Answered

Percent of People with Each Score

Your Score History

You have not taken this quiz